000 01208cam a2200241 4500
001 ABS67007
008 030828n2003 000 0 eng u
035 _a(Sirsi) u123396
100 _aMartin, B.
245 _aProtecting badger setts after the Green case
260 _c2003
490 _aJournal of Planning and Environment Law
_v September 2003, 1098-1108(11)
520 _aBadgers have been persecuted for centuries. A raft of legislation has evolved to protect this species but a recent case appears to have exposed a major loophole in badger protection, namely in protection of their homes or setts. Examines the case "D P P v Green" ([2001] WLR 505) , in detail. Considers and analyses past and current legisation such as the Badgers Act 1991. Discusses whether Parliament's intention in passing the Badgers Act is being carried out and whether there is a loophole in the "Green" case. Proposes a new offence of attempting to interfere with a badger sett.
590 _aABS
650 _aBADGERS
650 _aD P P V GREEN
650 _aBADGERS ACT 1991
650 _aPROTECTED SPECIES
650 _aWILDLIFE CONSERVATION
650 _aDEFINITIONS
690 _aLAW-UK
942 _n0
999 _c73297
_d73297